000 00506nam a2200181Ia 4500
008 120823t1998 xxu||||| |||| 00| 0 sin d
041 _asin
080 _a8-31 (802.0)
_bGUN
100 _aSowyer,Tom
245 _aඅබිරහස් හොල්මන් ගෙදර
246 _aAbirahas Holman Gedara
260 _aAriya Publishers
_aWarakapola
_c1998
300 _b203p, 18 cm
700 _aGunasekara,Kulasiri
_etr.
942 _cBK
999 _c40078
_d40078
003 LK-CoDNM
040 _aLK-CoDNM
_dLK-CoDNM
_eLK-CoDNM